000 00545nam a2200205 i 4500
001 C2-0262768
003 PPAK
005 20180729000313.0
008 050216s my |||| ||||| | may d
040 _aPPAK
_beng
_cPPAK
_erda
245 0 0 _aGila-gila pengantin remaja
264 1 _a[Kuala Lumpur] :
_bSkop Production Sdn.. Bhd. ,
336 _2rdacontent
_atext
337 _2rdamedia
_aunmediated
338 _2rdacarrier
_avolume
500 _aVCD 0797/05
700 _eauthor
700 0 _aAziz M. Osman,
_ecompile
942 _2ddc
_cVCD
999 _c165037
_d165037